000
00242nam a2200097Ia 4500
001
1215199
005
20250827024546.0
008
250824s9999 xx 000 0 und d
245
0
_a
KELOĞLAN
_c
CANSU ONURLUER
260
_b
MODEL ÇOCUK YAYINEVİ
999
_c
1215199
_d
1215199